banner koha

Bases e diretrizes para um programa estadual de reforma agraria (Registro n. 57246)

MARC details
000 -LÍDER
campo de controle de tamanho fixo 01316nam a22004577a 4500
001 - NÚMERO DE CONTROLE
campo de controle BR6004362
003 - IDENTIFICADOR DO NÚMERO DE CONTROLE
campo de controle BR-BrBNA
005 - DATA E HORÁRIO DA ÚLTIMA TRANSAÇÃO
campo de controle 20230928095542.0
007 - CAMPO FIXO DE DESCRIÇÃO FÍSICA--INFORMAÇÃO GERAL
campo de controle de tamanho fixo ta
008 - CAMPO DE DADOS FIXOS--INFORMAÇÃO GERAL
campo de controle de tamanho fixo 230509b bl.||||| |||| 00| 0 por d
040 ## - FONTE DA CATALOGAÇÃO
Instituição da catalogação original BR-BrBNA
Idioma da catalogação por
Instituição que transcreveu o registro Biblioteca Nacional de Agricultura
041 ## - CÓDIGO DE IDIOMA
Código do idioma do texto/trilha sonora ou título diferente (Por)
072 ## - CÓDIGO DE CATEGORIA DE ASSUNTO
Código de Categoria de Assunto E10; E50; D50
090 ## - NÚMERO DE CHAMADA LOCAL
-- E10 BR6004362
100 1# - ENTRADA PRINCIPAL--NOME PESSOAL
Nome pessoal Arteche, E.
100 1# - ENTRADA PRINCIPAL--NOME PESSOAL
Nome pessoal Rebello, P.B.
100 1# - ENTRADA PRINCIPAL--NOME PESSOAL
Nome pessoal Elias, A.M.
100 1# - ENTRADA PRINCIPAL--NOME PESSOAL
Nome pessoal Gomes, C.B.
100 1# - ENTRADA PRINCIPAL--NOME PESSOAL
Nome pessoal Mohrdieck, K.
100 1# - ENTRADA PRINCIPAL--NOME PESSOAL
Nome pessoal Machado, I.F.
100 1# - ENTRADA PRINCIPAL--NOME PESSOAL
Nome pessoal Barbosa, P.M.
100 1# - ENTRADA PRINCIPAL--NOME PESSOAL
Nome pessoal Carlini, U.
100 1# - ENTRADA PRINCIPAL--NOME PESSOAL
Nome pessoal Silva, L.V. da
100 1# - ENTRADA PRINCIPAL--NOME PESSOAL
Nome pessoal Camargo, E.S.
100 1# - ENTRADA PRINCIPAL--NOME PESSOAL
Nome pessoal Gregory, A.
100 1# - ENTRADA PRINCIPAL--NOME PESSOAL
Nome pessoal Corseuil, I.J.
100 1# - ENTRADA PRINCIPAL--NOME PESSOAL
Nome pessoal Souza, N.C. de
110 1# - ENTRADA PRINCIPAL--NOME CORPORATIVO
Nome corporativo ou nome da jurisdição Governo do Estado do Rio Grande do Sul, Porto Alegre (Brasil). Comissao Especial de Reforma Agraria
9 (RLIN) 5401
245 1# - TÍTULO
Título Bases e diretrizes para um programa estadual de reforma agraria
260 3# - PUBLICAÇÃO, DISTRIBUIÇÃO, ETC.
Local de publicação, distribuição, etc. Porto Alegre, RS (Brasil):
Data da publicação, distribuição, etc. [nd].
300 ## - DESCRIÇÃO FÍSICA
Extensão vp.
500 ## - NOTA GERAL
Nota geral 16 ref.; 24 illus.; [Ca. 70]p. Published after 1963
650 ## - ASSUNTO--TERMO TÓPICO
Cabeçalho tópico ou nome geográfico Reforma Agraria
650 ## - ASSUNTO--TERMO TÓPICO
Cabeçalho tópico ou nome geográfico Sociologia Rural
650 ## - ASSUNTO--TERMO TÓPICO
Cabeçalho tópico ou nome geográfico Colonizacao
650 ## - ASSUNTO--TERMO TÓPICO
Cabeçalho tópico ou nome geográfico Legislacao
650 ## - ASSUNTO--TERMO TÓPICO
Cabeçalho tópico ou nome geográfico Estrutura Agraria
650 ## - ASSUNTO--TERMO TÓPICO
Cabeçalho tópico ou nome geográfico Rio Grande do Sul
909 ## -
-- 202309
-- Lucia
-- 55
-- Lucia Elande
942 ## - ELEMENTOS DE ENTRADA ADICIONADOS (KOHA)
Tipo de material Koha Livros
Exemplares
Situação do descarte Fonte da classificação ou esquema de arquivamento na estante Situação física Não pode ser emprestado Coleção Biblioteca de origem Biblioteca atual Total de empréstimos Número de telefone completo Código de barras Data de último acesso Número do exemplar Tipo de material Koha Situação das perdas Data de aquisição Fonte de aquisição
  Classificação AGRIS       Biblioteca Nacional de Agricultura - Binagri Biblioteca Nacional de Agricultura - Binagri   E10 BR6004362 E10 BR6004362 25/09/2023 01 Livros   2023-09-25 Portaria Interministerial nº 164/94

BINAGRI

Telefone: (61)3218-2567/2388/3357/2097 - binagri@agro.gov.br

Ministério da Agricultura e Pecuária , Esplanada dos Ministérios, Bloco D, Anexo B, Brasília/DF, CEP: 70.043-900